[Event "St Veit op-B 29th"]
[Site "St Veit"]
[Date "2010.07.11"]
[Round "2"]
[White "Guetz, Andreas"]
[Black "Jirovec, Peter"]
[Result "0-1"]
[WhiteElo "1796"]
[BlackElo "1868"]
[PlyCount "80"]
[EventDate "2010.07.10"]
[EventType "swiss"]
[EventRounds "9"]
[EventCountry "AUT"]
[SourceTitle "EXT 2011"]
[Source "ChessBase"]
[SourceDate "2010.11.26"]
[SourceVersion "1"]
[SourceVersionDate "2010.11.26"]
[SourceQuality "1"]

1. e4 e6 2. d4 d5 3. Nc3 Bb4 4. e5 Nd7 5. a3 Be7 6. Qg4 g6 7. f4 Nh6 8. Qd1 Nf5 9. Nf3 c5 10. Be2 a6 11. Qd3 b5 12. Be3 Bb7 13. Nd1 Nxe3 14. Nxe3 cxd4 15. Nxd4 Nc5 16. Qd1 Rc8 17. c3 0-0 18. Nec2 Na4 19. Rb1 Bc5 20. Ne3 Qc7 21. Qd2 Be7 22. g4 Nb6 23. g5 Nc4 24. Qc1 Bc5 25. Ng4 Nxa3 26. Ra1 b4 27. Nf6+ Kg7 28. Nb3 Nc4 29. Nxc5 Qxc5 30. Nd7 Qc7 31. Nxf8 Kxf8 32. Bxc4 Qxc4 33. Qd2 d4 34. Rf1 dxc3 35. bxc3 bxc3 36. Qe2 Qb4 37. Qc2 Be4 38. Qa2 c2+ 39. Kf2 Qd2+ 40. Kg3 Rc3+ 0-1

[Event "AUT-ch U18"]
[Site "Velden"]
[Date "2010.03.29"]
[Round "3"]
[White "Guetz, Andreas"]
[Black "Sauper, Dorian Balthasar"]
[Result "0-1"]
[WhiteElo "1820"]
[BlackElo "1925"]
[PlyCount "118"]
[EventDate "2010.03.28"]
[EventType "swiss"]
[EventRounds "7"]
[EventCountry "AUT"]
[SourceTitle "CBM 135 Extra"]
[Source "ChessBase"]
[SourceDate "2010.05.04"]
[SourceVersion "1"]
[SourceVersionDate "2010.05.04"]
[SourceQuality "1"]

1. e4 d6 2. d4 Nf6 3. Nc3 c6 4. Be3 Qa5 5. Bd3 e5 6. dxe5 dxe5 7. f3 Nbd7 8. Nge2 Nc5 9. 0-0 Be6 10. a3 Nxd3 11. cxd3 c5 12. Qa4+ Qxa4 13. Nxa4 b6 14. b4 cxb4 15. axb4 Rd8 16. Nb2 Rd7 17. b5 Bb4 18. Rfc1 0-0 19. d4 exd4 20. Bxd4 Ne8 21. Ra4 Ba5 22. Bc3 Bxc3 23. Nxc3 Nd6 24. e5 Nf5 25. Ne4 Nd4 26. Nc3 Rc8 27. Rd1 Rcd8 28. Rda1 Rc7 29. Nbd1 Rdd7 30. Kf2 Bb3 31. Ra6 h6 32. Rb1 Rc5 33. Ra3 Bc2 34. Rc1 Rxe5 35. Ne3 Bd3 36. Ng4 Rc5 37. Rd1 Nxb5 38. Nxb5 Bxb5 39. Rxd7 Bxd7 40. Rxa7 Rc2+ 41. Kg3 Bxg4 42. fxg4 Rc3+ 43. Kf4 b5 44. Rb7 Rc4+ 45. Kg3 b4 46. Kh4 g6 47. h3 Kg7 48. Rb6 h5 49. Kg3 hxg4 50. hxg4 Rc3+ 51. Kf4 b3 52. Ke4 Rg3 53. Kf4 Rc3 54. Ke4 f6 55. Kf4 Kh6 56. Rxf6 Rc4+ 57. Kg3 Rb4 58. Rf1 Kg5 59. Kf3 Rf4+ 0-1

[Event "AUT-ch U16"]
[Site "Fuerstenfeld"]
[Date "2009.04.06"]
[Round "2"]
[White "Guetz, Andreas"]
[Black "Schnegg, Daniel"]
[Result "0-1"]
[WhiteElo "1800"]
[BlackElo "2082"]
[PlyCount "86"]
[EventDate "2009.04.06"]
[EventType "swiss"]
[EventRounds "7"]
[EventCountry "AUT"]
[SourceTitle "EXT 2011"]
[Source "ChessBase"]
[SourceDate "2010.11.26"]
[SourceVersion "1"]
[SourceVersionDate "2010.11.26"]
[SourceQuality "1"]

1. e4 c5 2. Nf3 d6 3. d4 cxd4 4. Nxd4 Nf6 5. Nc3 a6 6. Be3 Ng4 7. Bc1 Nc6 8. f3 Qb6 9. fxg4 Qxd4 10. Be2 b5 11. Nd5 Rb8 12. Qxd4 Nxd4 13. Ne3 Bb7 14. Bd3 Rc8 15. b3 g6 16. Bb2 Bg7 17. 0-0-0 0-0 18. h4 Rc5 19. Rd2 Ne6 20. Ba3 Rcc8 21. Nd5 Bxd5 22. exd5 Nf4 23. Rf1 Nxd5 24. Bxg6 Ne3 25. Re1 Bc3 26. Bxh7+ Kxh7 27. Rxe3 Bxd2+ 28. Kxd2 e6 29. Rf3 Rc7 30. g5 Rfc8 31. c3 a5 32. Bb2 d5 33. Ke3 e5 34. Rf6 b4 35. c4 Re8 36. Ra6 dxc4 37. Rxa5 c3 38. Bc1 Rd7 39. Ke4 Rd1 40. Be3 Rc8 41. Rd5 Rxd5 42. Kxd5 c2 43. Bc1 Rd8+ 0-1

[Event "AUT-ch U14"]
[Site "St Georgen"]
[Date "2007.??.??"]
[Round "2"]
[White "Kammerer, Gernot"]
[Black "Guetz, Andreas"]
[Result "1-0"]
[WhiteElo "1687"]
[BlackElo "1527"]
[PlyCount "57"]
[EventDate "2007.05.??"]
[EventType "swiss"]
[EventRounds "7"]
[EventCountry "AUT"]
[SourceTitle "EXT 2008"]
[Source "ChessBase"]
[SourceDate "2007.11.25"]
[SourceVersion "1"]
[SourceVersionDate "2007.11.25"]
[SourceQuality "1"]

1. e4 c5 2. Nf3 Nc6 3. d4 cxd4 4. Nxd4 Nf6 5. Nc3 e5 6. Ndb5 d6 7. Bg5 a6 8. Na3 Be7 9. Bxf6 Bxf6 10. Nc4 Nd4 11. Nd5 Be6 12. Ncb6 Bxd5 13. Nxd5 0-0 14. c3 Ne6 15. Bd3 Rc8 16. 0-0 Nc5 17. b4 Nxd3 18. Qxd3 Bg5 19. Rfd1 Rc6 20. a4 Qd7 21. b5 axb5 22. Qxb5 Rd8 23. Rab1 Ra6 24. Qxd7 Rxd7 25. Rb4 Rc6 26. Rdb1 Bd2 27. Rxb7 Rxb7 28. Rxb7 h6 29. Ne7+ 1-0

[Event "AUT-ch U14"]
[Site "St Georgen"]
[Date "2007.??.??"]
[Round "6"]
[White "Moerwald, Stefan"]
[Black "Guetz, Andreas"]
[Result "1-0"]
[WhiteElo "1562"]
[BlackElo "1527"]
[PlyCount "33"]
[EventDate "2007.05.??"]
[EventType "swiss"]
[EventRounds "7"]
[EventCountry "AUT"]
[SourceTitle "EXT 2008"]
[Source "ChessBase"]
[SourceDate "2007.11.25"]
[SourceVersion "1"]
[SourceVersionDate "2007.11.25"]
[SourceQuality "1"]

1. e4 c5 2. Nf3 Nc6 3. d4 cxd4 4. Nxd4 Nf6 5. Nc3 e5 6. Nb3 Bb4 7. Bd2 Bxc3 8. Bxc3 Nxe4 9. Qg4 Ng5 10. 0-0-0 d6 11. Qg3 0-0 12. Bd3 Be6 13. h4 Bxb3 14. hxg5 Bxa2 15. Bxh7+ Kh8 16. Bd3+ Kg8 17. Rh8+ 1-0